Fr. Conceicao Rodrigues College of Engineering

Op Amps and Linear Integrated Circuits (Record no. 18589)

MARC details
000 -LEADER
fixed length control field 00326nam a2200145Ia 4500
082 ## - DEWEY DECIMAL CLASSIFICATION NUMBER
Classification number 621.3815
Item number GAY
100 ## - MAIN ENTRY--PERSONAL NAME
Personal name Gayakwad/R.A
250 ## - EDITION STATEMENT
Edition statement 4
245 ## - TITLE STATEMENT
Title Op Amps and Linear Integrated Circuits
260 ## - PUBLICATION, DISTRIBUTION, ETC.
Name of publisher, distributor, etc. Prentice Hall of India
Place of publication, distribution, etc. New Delhi
Date of publication, distribution, etc. 2000
300 ## - PHYSICAL DESCRIPTION
Extent 543
546 ## - LANGUAGE NOTE
Language note ENGLISH
654 ## - SUBJECT ADDED ENTRY--FACETED TOPICAL TERMS
Focus term op
942 ## - ADDED ENTRY ELEMENTS (KOHA)
Koha item type BOOK
Holdings
Withdrawn status Lost status Damaged status Not for loan Collection Home library Current library Date acquired Total Checkouts Full call number Barcode Date last seen Price effective from Koha item type
        CRC Fr. Agnel's C.Rodrigues College of Engineering Fr. Agnel's C.Rodrigues College of Engineering 17/03/2023   621.3815 GAY 15994 17/03/2023 17/03/2023 BOOK
        CRC Fr. Agnel's C.Rodrigues College of Engineering Fr. Agnel's C.Rodrigues College of Engineering 17/03/2023   621.3815 GAY 15995 17/03/2023 17/03/2023 BOOK
        CRC Fr. Agnel's C.Rodrigues College of Engineering Fr. Agnel's C.Rodrigues College of Engineering 17/03/2023   621.3815 GAY 15996 17/03/2023 17/03/2023 BOOK
        CRC Fr. Agnel's C.Rodrigues College of Engineering Fr. Agnel's C.Rodrigues College of Engineering 17/03/2023   621.3815 GAY 15997 17/03/2023 17/03/2023 BOOK
        CRC Fr. Agnel's C.Rodrigues College of Engineering Fr. Agnel's C.Rodrigues College of Engineering 17/03/2023   621.3815 GAY 15998 17/03/2023 17/03/2023 BOOK